| 000 | 00346nam a2200145Ia 4500 | ||
|---|---|---|---|
| 008 | 210210b1965 xxu||||| |||| 00| 0 eng d | ||
| 041 | _aeng | ||
| 082 | _a829/1236 | ||
| 100 | _aWEST (Morris) | ||
| 245 | _aAmbassador | ||
| 260 |
_aLondon _bWilliam Heinemann Ltd. _c1965 |
||
| 650 | _aAmbassador | ||
| 690 | _aEnglish Fiction | ||
| 906 | _a017847 | ||
| 999 |
_c137831 _d137831 |
||